[Event "Helsingor Xtracon op"]
[Site "Helsingor"]
[Date "2019.07.27"]
[Round "9"]
[White "Meyer, Juergen"]
[Black "Halldorsson, Tobias Kjar"]
[Result "1-0"]
[WhiteElo "1889"]
[BlackElo "1730"]
[PlyCount "41"]
[EventDate "2019.07.20"]
[EventType "swiss"]
[EventRounds "10"]
[EventCountry "DEN"]
[SourceTitle "CBM 191 Extra"]
[Source "ChessBase"]
[SourceDate "2019.09.30"]
[SourceVersion "1"]
[SourceVersionDate "2019.09.30"]
[SourceQuality "1"]

1. e4 e5 2. Nc3 Nf6 3. f4 exf4 4. e5 Qe7 5. Qe2 Ng8 6. Nf3 c6 7. Ne4 h6 8. Nd6+ Kd8 9. Qc4 Kc7 10. Qxf7 Qxf7 11. Nxf7 Rh7 12. Bd3 g6 13. Bxg6 Rg7 14. Bh5 Rxg2 15. Nh4 Rg7 16. Nf5 Rg2 17. Kf1 f3 18. Bxf3 Rg6 19. Bh5 Re6 20. Rg1 Ne7 21. Nd4 1-0

[Event "Helsingor Xtracon op"]
[Site "Helsingor"]
[Date "2019.07.26"]
[Round "8"]
[White "Halldorsson, Tobias Kjar"]
[Black "Christensen, Jacob Foged"]
[Result "1/2-1/2"]
[WhiteElo "1730"]
[BlackElo "1937"]
[PlyCount "87"]
[EventDate "2019.07.20"]
[EventType "swiss"]
[EventRounds "10"]
[EventCountry "DEN"]
[SourceTitle "CBM 191 Extra"]
[Source "ChessBase"]
[SourceDate "2019.09.30"]
[SourceVersion "1"]
[SourceVersionDate "2019.09.30"]
[SourceQuality "1"]

1. e4 c5 2. Nc3 g6 3. d4 cxd4 4. Qxd4 Nf6 5. Be3 Nc6 6. Qd2 Bg7 7. f3 d6 8. 0-0-0 Be6 9. Nd5 Rb8 10. Kb1 b5 11. Ne2 b4 12. Nd4 Nxd4 13. Bxd4 Qa5 14. Bc4 Bxd5 15. exd5 Qc7 16. Qe2 0-0 17. Rhe1 Rfc8 18. Bb3 Kf8 19. Rd3 Rb7 20. c3 bxc3 21. Rxc3 Qb8 22. Rxc8+ Qxc8 23. Rc1 Qd7 24. Qc4 Ne8 25. g4 Rc7 26. Bxg7+ Kxg7 27. Qd4+ Kg8 28. Re1 Nf6 29. h4 h5 30. Rg1 Qc8 31. a3 Rc5 32. Ka2 a5 33. g5 Nd7 34. f4 Nb6 35. Re1 Qb7 36. a4 Nxd5 37. Bxd5 Rxd5 38. Qe4 Kf8 39. Rd1 e6 40. Rxd5 exd5 41. Qd4 Ke8 42. Qh8+ Kd7 43. Qf6 Kc6 44. Qc3+ 1/2-1/2